Wszystko o Januszu Korwin-Mikkem - Statystyki

Ogólne statystyki
  • Ten quiz został rozwiązany 67 razy
  • Średni wynik to 9 z 15
Statystyki odpowiedzi
Opis Odpowiedź % Poprawnych
Kadencje Sejmu, w których był posłem I
98%
IX
94%
Nazwa protokołu według którego postępuje Janusz Korwin-Mikke protokół 1%
88%
Ustrój, którym pogardza ( tfu... [...]) demokracja
86%
Miasto w którym przyszedł na świat Warszawa
84%
Rok urodzenia 1942
82%
Liczba łyżeczek cukru w herbacie w słynnym klipie 10
78%
Liczba wszystkich partii politycznych w karierze 13
54%
Drugie imię Ryszard
48%
Formuła wypowiadana przez niego po każdym przemówienie w europarlamencie "A poza tym sądzę, że Unia Europejska musi być zniszczona"
38%
Gest oraz parafrazowany tekst za który został dyscyplinowany przez PE salut rzymski
36%
Odpowiedni według niego wiek wyborczy dla kobiet 55 lat
26%
Choroba, na którą cierpi, dotycząca palenia się żywcem w samochodzie autopyroflamofobia
20%
Lata bycia eurodeputowanym 2014 - 2018
14%
"Ein Reich, ein Volk, ein Ticket"
14%
Nie znaleziono quizów pasujących do podanych kryteriów
Rozkład punktacji
Procent ludzi z każdym wynikiem
Percentyl według liczby udzielonych odpowiedzi
Twoja historia wyników
Nie rozwiązałeś tego quizu